ARRUPE JESUIT UNIVERSITY

CORONAVIRUS -STOP THE SPREAD - CLEAN,DISINFECT,COVER
Normal view MARC view

Entry Geographic Name

Number of records used in: 2

001 - CONTROL NUMBER

  • control field: 47473

003 - CONTROL NUMBER IDENTIFIER

  • control field: ARRUPE

005 - DATE AND TIME OF LATEST TRANSACTION

  • control field: 20190723152405.0

008 - FIXED-LENGTH DATA ELEMENTS

  • fixed length control field: 190723|| aca||aabn | a|a d

040 ## - CATALOGING SOURCE

  • Original cataloging agency: ARRUPE
  • Transcribing agency: ARRUPE

151 ## - HEADING--GEOGRAPHIC NAME

  • Geographic name: United States
  • General subdivision: Social conditions
  • Chronological subdivision: 1960-1980.

670 ## - SOURCE DATA FOUND

  • Source citation: Work cat.: (ARRUPE)28995: Gordon, Suzanne, 1945- 47470, Lonely in America /, c1976.

 

Arrupe Library. PO Box MP320 Mt Pleasant, Harare, Zimbabwe
263 242 745411|librarian@aju.ac.zw